000
00365nam a2200133Ia 4500
008
100328s9999 xx 000 0 und d
082
_b
19276
100
_a
नाडकर्णी ज्ञानेश्वर
245
_a
चिद्घोश
260
_b
मौज
630
_a
चिद्घोश
730
_a
चिद्घोश
942
_c
BOOK
999
_c
513603
_d
513600